Tổng số vi khuẩn trong nước ở vài địa điểm vùng Cần Thơ

Guardat en:
Dades bibliogràfiques
Autor principal: Lê Thu Hà
Format: Llibre
Idioma:Undetermined
Publicat: Cần Thơ Viện Đại Học Cần Thơ - Đại Học Khoa Học - Ban Vạn Vật 1974
Matèries:
Etiquetes: Afegir etiqueta
Sense etiquetes, Sigues el primer a etiquetar aquest registre!
Thư viện lưu trữ: Trung tâm Học liệu Trường Đại học Cần Thơ
LEADER 00615nam a2200181Ia 4500
001 CTU_33716
008 210402s9999 xx 000 0 und d
082 |a 579.3 
082 |b H100 
100 |a Lê Thu Hà 
245 0 |a Tổng số vi khuẩn trong nước ở vài địa điểm vùng Cần Thơ 
245 0 |c Lê Thu Hà 
260 |a Cần Thơ 
260 |b Viện Đại Học Cần Thơ - Đại Học Khoa Học - Ban Vạn Vật 
260 |c 1974 
650 |a bacteria,bacteriology 
904 |i Minh, 991106 
980 |a Trung tâm Học liệu Trường Đại học Cần Thơ